[Event "Gran Canaria-ch (Women)"]
[Site "Gran Canaria"]
[Date "2009.04.20"]
[Round "3"]
[White "Gonzalez Perez, Lutgarda"]
[Black "Gonzalez Perez, Cristina"]
[Result "1-0"]
[WhiteElo "2129"]
[BlackElo "1775"]
[PlyCount "89"]
[EventDate "2009.04.16"]
[EventType "tourn"]
[EventRounds "9"]
[EventCountry "ESP"]
[SourceTitle "EXT 2011"]
[Source "ChessBase"]
[SourceDate "2010.11.26"]
[SourceVersion "1"]
[SourceVersionDate "2010.11.26"]
[SourceQuality "1"]

1. d4 d5 2. Nf3 Nf6 3. g3 e6 4. Bg2 c5 5. e3 Bd6 6. 0-0 0-0 7. dxc5 Bxc5 8. b3 Nc6 9. Bb2 Re8 10. Nbd2 e5 11. c4 Bg4 12. h3 Bh5 13. g4 Bg6 14. g5 Ne4 15. cxd5 Qxd5 16. Nc4 Qxd1 17. Rfxd1 f6 18. gxf6 gxf6 19. Nh4 Ng5 20. Nxg6 hxg6 21. Rd7 Re7 22. Rad1 Kf7 23. Nd6+ Bxd6 24. R7xd6 Rc8 25. Ba3 Rec7 26. h4 Nh7 27. Bd5+ Kg7 28. Be6 Re8 29. Rd7+ Rxd7 30. Rxd7+ Kh6 31. Bd5 a5 32. Rxb7 Nb4 33. Bxb4 axb4 34. Rxb4 f5 35. Rb6 Kg7 36. a4 Nf6 37. Bc4 Rd8 38. a5 Rd1+ 39. Kg2 Rd2 40. a6 Ra2 41. b4 Ra1 42. b5 Ra4 43. Rc6 Ra3 44. b6 Ra1 45. b7 1-0